000 00437nam a2200157 a 4500
001 000032030
005 20200930063354.0
008 110712s19uu dr 000 0 spa d
040 _aDO-SdBNP
_bspa
_cBNPHU
082 _axxx
_bB844p
100 1 _aBretón, José
_945554
245 1 0 _aPéndulos /
_cJosé Bretón.
260 _a[Cuidad Trujillo, República Dominicana :
_b[s.n.],
_c[19--?].
300 _a[60 p.] ;
_c20 cm.
049 _aBNPD
999 _c31521
_d31521